| 000 | 00789 a2200265 4500 | ||
|---|---|---|---|
| 003 | OSt | ||
| 005 | 20180116192402.0 | ||
| 008 | 120703t xxu||||| |||| 00| 0 eng d | ||
| 010 | _a 2010282805 | ||
| 020 | _a9780714849522 (hbk.) | ||
| 020 | _a0714849529 (hbk.) | ||
| 035 | _a(OCoLC)ocn277068672 | ||
| 040 | _c0 | ||
| 082 | 0 | 0 | _a779 |
| 100 | 1 |
_aBallen, Roger, _95363 |
|
| 245 | 1 | 0 |
_aBoarding house / _cRoger Ballen. |
| 260 |
_aLondon ; _aNew York, NY : _bPhaidon Press, _c2009. |
||
| 300 |
_a127 p. : _bill. ; _c31 cm. |
||
| 600 | 1 | 0 |
_aBallen, Roger, _d1950- _95364 |
| 600 | 1 | 0 |
_aBallen, Roger _95365 |
| 650 | 1 | 0 |
_aPhotography, Artistic. _95366 |
| 650 | 1 | 0 |
_aPhotographie _95367 |
| 942 |
_aSADA _cBK _k779 BAL 2009 _2ddc |
||
| 999 |
_c353339 _d353339 |
||